| 000 -ლიდერი |
| ფიქსირებული სიგრძის საკონტროლო ველი |
00821nam a22002057a 4500 |
| 003 - საკონტროლო ნომრის იდენტიფიკატორი |
| საკონტროლო ველი |
Ge_BSU |
| 005 - ბოლო ოპერაციის თარიღი და დრო |
| საკონტროლო ველი |
20250624144938.0 |
| 008 - ფიქსირებული სიგრძის მონაცემთა ელემენტები - ზოგადი ინფორმაცია |
| ფიქსირებული სიგრძის საკონტროლო ველი |
250624s2024 ge ||||| |||| 00| 0 geo d |
| 020 ## - წიგნის საერთაშორისო სტანდარტული ნომერი |
| International Standard Book Number |
9789941990717 |
| 041 ## - ენის კოდი |
| Language code of text/sound track or separate title |
geo |
| 080 ## - უნივერსალური ათობითი კლასიფიკაციის ინდექსი |
| Universal Decimal Classification number |
349.2(479.22) ძ-21 |
| 100 ## - მთავარი ჩანაწერი - პიროვნების სახელი |
| Personal name |
ძამუკაშვილი , დავით |
| 9 (RLIN) |
925 |
| 245 ## - ცნობა სათაურის შესახებ |
| Title |
შრომის სამართალი / |
| Statement of responsibility, etc |
დავით ძამუკაშვილი. |
| 250 ## - გამოცემის ცნობა |
| Edition statement |
მეექვსე გადამუშავებული გამოცემა |
| 264 ## - წარმოების, გამოცემის, დისტრიბუციის და სხვა ცნობები |
| გამოცემის, წარმოების, დისტრიბუციის... ადგილი |
თბილისი : |
| გამოცემის, წარმოების, დისტრიბუციის... სახელწოდება |
ბონა კაუზა, |
| გამოცემის, წარმოების, დისტრიბუციის... თარიღი |
2024. |
| 300 ## - ფიზიკური აღწერა |
| Extent |
357 გვ.; |
| Other physical details |
21 სმ. |
| 490 ## - სერიის ცნობა |
| Series statement |
იურისტის ბიბლიოთეკა |
| 653 ## - INDEX TERM--UNCONTROLLED |
| Uncontrolled term |
შრომის სამართალი |
| 942 ## - ADDED ENTRY ELEMENTS (KOHA) |
| Source of classification or shelving scheme |
|
| Koha item type |
წიგნი |